00856 2200289 4500001002100000005001500021035002000036008004100056245006500097100001900162250000600181260002900187300001600216020001700232022000600249024000600255084001400261520019900275082000800474863001300482700001200495856002100507650001100528990000900539990000900548990000900557INLIS00000000000023920190904112656 a0010-0919000059190904 d 0 ind 1 aPenulisan sastra kreatif :bsastra kreatif /cHeru Kurniawan aHeru Kurniawan a1 aJakarta :bAraska,c2014 a171 ;c21cm a978602793484 a0 a0 a808 HER p aBuku ini di orentasikan untuk pengembangan kreatifitas,yang bersifat fiosofis praktis yaitu mengolaborasikan dasar - dasar filosofi dan teori menulis dengansastra dan kajian, kajian yang praktis a808 a11-14-140 aSutardi aIlmu Kesusatraan 4aSastra a5949 a5949 a5949